Calender of persian correspondence 1794-95 (Record no. 1033820)

MARC details
000 -LEADER
fixed length control field 00631nam a2200241Ia 4500
003 - CONTROL NUMBER IDENTIFIER
control field OSt
005 - DATE AND TIME OF LATEST TRANSACTION
control field 20221005115221.0
008 - FIXED-LENGTH DATA ELEMENTS--GENERAL INFORMATION
fixed length control field 221004b |||||||| |||| 00| 0 eng d
037 ## - SOURCE OF ACQUISITION
Terms of availability Textual
040 ## - CATALOGING SOURCE
Original cataloging agency CRL
Transcribing agency CRL
Language of cataloging eng
041 ## - LANGUAGE CODE
Source of code eng
Language code of text/sound track or separate title eng
110 ## - MAIN ENTRY--CORPORATE NAME
Corporate name or jurisdiction name as entry element National Archives of India.
9 (RLIN) 102982
245 #0 - TITLE STATEMENT
Title Calender of persian correspondence 1794-95
260 ## - PUBLICATION, DISTRIBUTION, ETC.
Date of publication, distribution, etc. 1911
650 ## - SUBJECT ADDED ENTRY--TOPICAL TERM
Topical term or geographic name entry element HISTORY
700 ## - ADDED ENTRY--PERSONAL NAME
Personal name National Archives of India.
9 (RLIN) 102983
942 ## - ADDED ENTRY ELEMENTS (KOHA)
Classification part V2:8:L8, E1.11
Koha item type Textual
Source of classification or shelving scheme
Holdings
Withdrawn status Lost status Damaged status Not for loan Home library Current library Date acquired Total Checkouts Full call number Barcode Date last seen Price effective from Koha item type
        Central Library Central Library 2022-10-05   V2:8:L8 E1.11 CL0377185 2022-10-05 2022-10-05 Textual
Copyright @ Delhi University Library System